Country per ICAO Code - Europe - Statistics

General Stats
  • This quiz has been taken 79 times
    70 since last reset
  • The average score is 23 of 41
Answer Stats
Hint Answer % Correct
EB Belgium
84%
LF France
81%
EP Poland
80%
LI Italy, San Marino
79%
LP Portugal
79%
EF Finland
75%
EG United Kingdom
75%
ED Germany (civil)
72%
EN Norway
72%
LE Spain
71%
EI Ireland
70%
ES Sweden
70%
LG Greece
66%
EK Denmark, Faroe Islands
65%
EH Netherlands
65%
EE Estonia
64%
LH Hungary
63%
LJ Slovenia
63%
BI Iceland
59%
LS Switzerland, Liechtenstein
59%
LR Romania
57%
UU Russia
57%
EL Luxembourg
55%
LA Albania
54%
UM Belarus, Russia (Kaliningrad)
54%
EV Latvia
53%
LO Austria
50%
LM Malta
50%
UR Russia
50%
LK Czechia
47%
LZ Slovakia
47%
LB Bulgaria
46%
UK Ukraine
46%
LY Serbia, Montenegro
45%
LD Croatia
44%
EY Lithuania
44%
BK Kosovo
43%
ET Germany (military)
37%
UL Russia
36%
LQ Bosnia and Herzegovina
34%
LU Moldova
33%
LX United Kingdom (Gibraltar)
33%
LW North Macedonia
32%
LN Monaco
21%
No matching quizzes found
Score Distribution
Percent of People with Each Score
Percentile by Number Answered
Your Score History
You have not taken this quiz since the last reset